000 01110nam a2200289 i 4500
001 000008402
003 DO-SdBNP
005 20250806141019.0
007 ta
008 090916s1991 dr 001 0 spa d
040 _aDO-SdBNP
_bspa
_cDO-SdBNP
_erda
041 _aspa
082 _a378.7293
_bR696d
_222
100 1 _aRodríguez Rib, Leonel
_eautor
_917524
245 1 0 _aDiscursos desde la rectoría /
_cLeonel Rodríguez Rib ; prólogo Manuel García Arévalo.
264 _aSanto Domingo :
_bUniversidad APEC,
_c1991.
300 _a170 páginas ;
_c22 cm.
336 _ardacontent
_btexto
_2txt
337 _ardamedia
_bsin mediación
_2n
338 _ardacarrier
_bvolumen
_2nc
500 _aIncluye datos biográficos del autor en la contracubierta
505 2 _aToma de posesión -- Ofrendas -- Infraestructuras -- Graduaciones -- Bienvenidas y presentaciones -- Seminarios de educación superior -- Varios -- Doctorado y profesorados honoris causa --
590 _aInventariado, 2019/VM
700 1 _a García Arévalo, Manuel Antonio
_d1948-
_eprólogo
_959457
910 _aVM
942 _2ddc
_cLBS1
999 _c8173
_d8173